Perspectives in world agriculture (Record no. 81841)

MARC details
000 -LEADER
fixed length control field 00595nam a2200121 a 4500
008 - FIXED-LENGTH DATA ELEMENTS--GENERAL INFORMATION
fixed length control field 120416s1991 xx |||||||||||||| || u
050 ## - LIBRARY OF CONGRESS CALL NUMBER
Classification number S 585 Per
245 00 - TITLE STATEMENT
Title Perspectives in world agriculture
Statement of responsibility, etc. compiled by Commonwealth Agricultural Bureaux
260 ## - PUBLICATION, DISTRIBUTION, ETC.
Date of publication, distribution, etc. 1991
350 ## -
-- 0.00
995 ## -
-- MAIN LIBRARY OPEN ACCESS
-- 0.00
-- 720197
-- CBU-MAIN LIBRARY (Kitwe)
-- 2
-- 10.00
-- S 585 Per
-- 2
-- AVAILABLE
-- 013607
-- Main Library Open Access Collection
995 ## -
-- MAIN LIBRARY OPEN ACCESS
-- 0.00
-- 720198
-- CBU-MAIN LIBRARY (Kitwe)
-- 1
-- 10.00
-- S 585 Per
-- 3
-- AVAILABLE
-- 013608
-- Main Library Open Access Collection
999 ## -
-- 81841
-- 81841
Holdings
Withdrawn status Lost status Source of classification or shelving scheme Damaged status Not for loan Permanent Location Current Location Shelving location Date acquired Total Checkouts Full call number Barcode Date last seen Copy number Price effective from Koha item type
          CBU-MAIN LIBRARY, KITWE. CBU-MAIN LIBRARY, KITWE.   09/12/2023   S 585 Per 013607 09/12/2023 1 09/12/2023 MONOGRAPH
          CBU-MAIN LIBRARY, KITWE. CBU-MAIN LIBRARY, KITWE.   09/12/2023   S 585 Per 013608 09/12/2023 2 09/12/2023 MONOGRAPH